Pays les plus riches par habitant - Statistiques

Statistiques générales
  • Ce quiz a été pris 54 fois
  • Le résultat moyen est 5 sur 7
Statistiques - réponses
Hint Réponse % Correct
98 000 $ Suisse
90%
143 000 $ Luxembourg
86%
133 000 $ Singapour
76%
88 000 $ Emirats Arabes Unis
58%
112 000 $ Qatar
58%
94 000 $ Norvège
56%
124 000 $ Irlande
38%
Aucun quiz correspondant
Distribution des résultats
% des personnes avec chaque résultat
Percentile par nombre de réponses
Votre historique - résultats
Vous n’avez pas pris ce quiz